INSTRIMENTS IN OBSTETRICS AND GYNAECOLOGY (Record no. 1881)
[ view plain ]
| 000 -LEADER | |
|---|---|
| fixed length control field | 00332nam a2200133Ia 4500 |
| 008 - FIXED-LENGTH DATA ELEMENTS--GENERAL INFORMATION | |
| fixed length control field | 150201s2003 xx 000 0 und d |
| 082 ## - DEWEY DECIMAL CLASSIFICATION NUMBER | |
| Classification number | 618.2 |
| Item number | I03R |
| 100 ## - MAIN ENTRY--PERSONAL NAME | |
| Personal name | RABBANI , T. |
| 245 ## - TITLE STATEMENT | |
| Title | INSTRIMENTS IN OBSTETRICS AND GYNAECOLOGY |
| 260 ## - PUBLICATION, DISTRIBUTION, ETC. (IMPRINT) | |
| Name of publisher, distributor, etc. | CBS |
| Place of publication, distribution, etc. | DELHI |
| Date of publication, distribution, etc. | 2003 |
| 300 ## - PHYSICAL DESCRIPTION | |
| Extent | 120 |
| 650 ## - SUBJECT ADDED ENTRY--TOPICAL TERM | |
| Topical term or geographic name as entry element | OBST. & GYNEA. |
| 942 ## - ADDED ENTRY ELEMENTS (KOHA) | |
| Source of classification or shelving scheme | Dewey Decimal Classification |
| Koha item type | Books |
| Koha issues (borrowed), all copies | 7 |
| Withdrawn status | Lost status | Source of classification or shelving scheme | Damaged status | Not for loan | Collection code | Home library | Current library | Shelving location | Date acquired | Source of acquisition | Cost, normal purchase price | SGTU | Total Checkouts | Full call number | Barcode | Date last seen | Bill Date | Koha item type | Date last checked out |
|---|---|---|---|---|---|---|---|---|---|---|---|---|---|---|---|---|---|---|---|
| Dewey Decimal Classification | NURSING | SGT Medical Library | SGT Medical Library | Text Book | 09/02/2015 | UBS DELHI | 75.00 | SGTU | 618.2 I03R | FN191 | 09/02/2015 | 09/02/2015 | Books | ||||||
| Dewey Decimal Classification | NURSING | SGT Medical Library | SGT Medical Library | Text Book | 09/02/2015 | UBS DELHI | 75.00 | SGTU | 2 | 618.2 I03R | FN192 | 07/12/2023 | 09/02/2015 | Books | 06/12/2023 | ||||
| Dewey Decimal Classification | NURSING | SGT Medical Library | SGT Medical Library | Text Book | 09/02/2015 | UBS DELHI | 75.00 | SGTU | 1 | 618.2 I03R | FN193 | 07/12/2023 | 09/02/2015 | Books | 06/12/2023 | ||||
| Dewey Decimal Classification | NURSING | SGT Medical Library | SGT Medical Library | Text Book | 09/02/2015 | UBS DELHI | 75.00 | SGTU | 1 | 618.2 I03R | FN194 | 14/12/2023 | 09/02/2015 | Books | 07/12/2023 | ||||
| Dewey Decimal Classification | NURSING | SGT Medical Library | SGT Medical Library | Text Book | 09/02/2015 | UBS DELHI | 75.00 | SGTU | 3 | 618.2 I03R | FN195 | 20/03/2024 | 09/02/2015 | Books | 12/03/2024 |